00426cam a2200169ua 450000100060000000800390000602000180004504000090006304100080007208200110008010000230009124500640011425000120017826000330019030000100022365300230023311397190917n ii |||gr||||Z||||||eng a9789385528897 cMAIN aeng a302.23 aPK Gupta,eAuthor. aRole of social media in society transformationcBy PK Gupta a1st ed. aJaipur:bYking books,c2018. a370p. aSocial interaction